Detalles MARC
| 000 -ENCABEZADO |
| Número de control [NR] |
02557nam a2200289Ia 4500 |
| 005 - FECHA Y HORA DE LA ÚLTIMA TRANSACCIÓN |
| control field |
20200311094125.0 |
| 008 - DE LONGITUD FIJA DE DATOS DE ELEMENTOS - INFORMACIÓN GENERAL |
| Elementos de longitud fija [NR] |
130821k17851789sp frd 0 mul |
| 040 ## - FUENTE DE CATALOGACION [NR] |
| Agencia de catalogación original [NR] |
Co-BoUCM |
| Idioma de catalogación [NR] |
spa |
| Quien Cataloga |
Sandra Yazo |
| Quien Clasifica |
Sandra Yazo |
| 041 0# - CODIGO DE IDIOMA [R] |
| Código de idioma para texto/pista de sonido o título separado [R] |
Español |
| -- |
Francés |
| -- |
Latín |
| 082 04 - NUMERO DE CLASIFICACION DECIMAL DEWEY [R] |
| Número de clasificación [R] |
860.903 |
| Número de la edición [NR] |
20 |
| 092 ## - SIGNATURA TOPOGRAFICA LOCAL |
| Número de clasificación local |
E11N022 |
| 100 1# - ASIENTO PRINCIPAL--NOMBRE PERSONAL [NR] |
| Nombre personal [NR] |
Sempere y Guarinos, Juan |
| Fechas asociadas con el nombre [NR] |
1754-1830 |
| ID Autoridad |
100359 |
| 242 00 - TRADUCCION DEL TITULO POR LA AGENCIA CATALOGADORA [R] |
| Título [NR] |
Ensayo de una biblioteca española de los mejores escritores del Reinado de Carlos III |
| Código de idioma del título traducido [NR] |
spa |
| 245 10 - MENCION DE TITULO [NR] |
| Título [NR] |
Ensayo de una biblioteca española de los mejores escritores del Reynado de Carlos III |
| Mención de responsabilidad, etc. [NR] |
por D. Juan Sempere y Guarinos |
| 260 ## - PUBLICACION, DISTRIBUCION, ETC. (PIE DE IMPRENTA) [R] |
| Lugar de publicación, distribución, etc. [R] |
Madrid (España) |
| Nombre del editor, distribuidor, etc. [R] |
Imprenta Real |
| Fecha de publicación, distribución, etc. [R] |
1785-1789 |
| 300 ## - DESCRIPCION FISICA [R] |
| Extensión [R] |
6 tomos en 3 volúmenes ([14], 245 ; xx, 250 ; 222 ; v, 262 ; 10, 228 ; 246 [e. i. 258 páginas) |
| Dimensiones [R] |
18 x 12 cm. |
| 500 ## - NOTA GENERAL [R] |
| Nota general [NR] |
Detalles físicos: Encuadernación rígida en cartón forrado en cuero. Lomo conserva parte de los tejuelos y adornos en dorado. Tapas con cuero raspado y arrugado. Guardas en papel de agua. Anteportada. Portada impresa en una sola tinta. Dedicatoria inicial. Texto impreso en una sola columna con varios tipos y tamaños de letra. Notas de pie de página, en una o dos columnas, separado por una línea horizontal. Nota de donación manuscrita en tomo 2 en la página 250, que se repite en el tomo 4 página 262 y tomo 6 página 240. Papel con algunas manchas, notoria suciedad en algunas páginas, humedad y deformación del plano. Algunas hojas dobladas esquinas |
| 505 ## - NOTA DE CONTENIDO CON FORMATO PREESTABLECIDO [R] |
| Nota de contenido con formato preestablecido [NR] |
V. 1: Discurso preliminar sobre los progresos de la literatura de los españoles en este siglo ; A hasta la B ; V.2 Prólogo. ; De la C hasta la D -- V.3: Desde la E hasta la L ; V.4: Prologo ; Desde las M hasta la Q -- V.5: Prólogo ; De la R hasta la S ; V.6: De la S hasta la Z |
| 506 ## - NOTA DE RESTRICCIONES DE ACCESO [R] |
| Condiciones de acceso [NR] |
Consulta en sala |
| 546 ## - NOTA DE IDIOMA [R] |
| Nota de idioma [NR] |
Notas en latín y francés |
| 650 #7 - ASIENTO SECUNDARIO DE MATERIA - TERMINO TEMATICO [R] |
| Término temático o nombre geográfico como elemento de entrada [NR] |
Literatura española |
| Subdivisión general [R] |
Diccionario |
| 9 (RLIN) |
7793 |
| 650 #7 - ASIENTO SECUNDARIO DE MATERIA - TERMINO TEMATICO [R] |
| Término temático o nombre geográfico como elemento de entrada [NR] |
Autores españoles |
| Subdivisión general [R] |
Diccionario |
| 9 (RLIN) |
9813 |
| 690 ## - ASUNTO AGREGADO LOCAL DE ENTRADA - TÉRMINO TEMÁTICO (OCLC, RLIN) |
| Acceso temático local |
Literatura europea |
| 9 (RLIN) |
26524 |
| 856 41 - LOCALIZACION Y ACCESO ELECTRONICOS [R] |
| Nota dirigida al público [R] |
Disponible en línea V.1 |
| Identificador Uniforme del Recurso (“URI”) [R] |
<a href="http://books.google.com/books?id=BFG1nK8GhNYC&printsec=frontcover&dq=Ensayo+de+una+biblioteca+espa%C3%B1ola+de+los+mejores+escritores+del+Reynado&hl=es&ei=1nEkTv2ECsj30gH7gLGwAw&sa=X&oi=book_result&ct=result&resnum=1&ved">http://books.google.com/books?id=BFG1nK8GhNYC&printsec=frontcover&dq=Ensayo+de+una+biblioteca+espa%C3%B1ola+de+los+mejores+escritores+del+Reynado&hl=es&ei=1nEkTv2ECsj30gH7gLGwAw&sa=X&oi=book_result&ct=result&resnum=1&ved</a> |
| 856 41 - LOCALIZACION Y ACCESO ELECTRONICOS [R] |
| Nota dirigida al público [R] |
Disponible en línea V.2 |
| Identificador Uniforme del Recurso (“URI”) [R] |
<a href="http://books.google.com/books?id=HwUCAAAAQAAJ&printsec=frontcover&dq=Ensayo+de+una+biblioteca+espa%C3%B1ola+de+los+mejores+escritores+del+Reynado&hl=es&ei=XnMkTsrqCKf00gHowZSoAw&sa=X&oi=book_result&ct=result&resnum=2&ved">http://books.google.com/books?id=HwUCAAAAQAAJ&printsec=frontcover&dq=Ensayo+de+una+biblioteca+espa%C3%B1ola+de+los+mejores+escritores+del+Reynado&hl=es&ei=XnMkTsrqCKf00gHowZSoAw&sa=X&oi=book_result&ct=result&resnum=2&ved</a> |
| 942 ## - ELEMENTOS DE ENTRADA AGREGADOS (KOHA) |
| Tipo de ítem principal el descrito en 300a |
Libro |
| Tema principal |
18 |
| Edición |
1 |
| Sistema de clasificación |
LOCAL |
| Clasificación |
E11N022 |